<?xml version="1.0" encoding="UTF-8"?>
<record
    xmlns:xsi="http://www.w3.org/2001/XMLSchema-instance"
    xsi:schemaLocation="http://www.loc.gov/MARC21/slim http://www.loc.gov/standards/marcxml/schema/MARC21slim.xsd"
    xmlns="http://www.loc.gov/MARC21/slim">

  <leader>00398nam a2200145Ia 4500</leader>
  <controlfield tag="008">230411s9999    xx            000 0 und d</controlfield>
  <datafield tag="020" ind1=" " ind2=" ">
    <subfield code="a">978-93-5152-655-1</subfield>
  </datafield>
  <datafield tag="041" ind1=" " ind2=" ">
    <subfield code="a">eng</subfield>
  </datafield>
  <datafield tag="082" ind1=" " ind2=" ">
    <subfield code="a">C/004/ASH/B09765</subfield>
  </datafield>
  <datafield tag="100" ind1=" " ind2=" ">
    <subfield code="a">Ashok Kumar Sunil Kumar &amp; Garg Chanchal</subfield>
    <subfield code="9">180152</subfield>
  </datafield>
  <datafield tag="245" ind1=" " ind2=" ">
    <subfield code="a">Computer for Nurses</subfield>
  </datafield>
  <datafield tag="260" ind1=" " ind2=" ">
    <subfield code="b">Jaypee Brothers</subfield>
    <subfield code="a">New Delhi</subfield>
    <subfield code="c">2021</subfield>
  </datafield>
  <datafield tag="300" ind1=" " ind2=" ">
    <subfield code="a">107p</subfield>
  </datafield>
  <datafield tag="999" ind1=" " ind2=" ">
    <subfield code="c">158668</subfield>
    <subfield code="d">158668</subfield>
  </datafield>
  <datafield tag="952" ind1=" " ind2=" ">
    <subfield code="0">0</subfield>
    <subfield code="1">0</subfield>
    <subfield code="4">0</subfield>
    <subfield code="7">0</subfield>
    <subfield code="8">C</subfield>
    <subfield code="a">BTIN</subfield>
    <subfield code="b">BTIN</subfield>
    <subfield code="d">2022-03-30</subfield>
    <subfield code="e">Varad Enterprises</subfield>
    <subfield code="g">250.00</subfield>
    <subfield code="i">15</subfield>
    <subfield code="l">0</subfield>
    <subfield code="o">C 004 ASH B09765</subfield>
    <subfield code="p">BTIN-BK-9765</subfield>
    <subfield code="r">2023-04-11 00:00:00</subfield>
    <subfield code="v">167.50</subfield>
    <subfield code="w">2022-03-26</subfield>
    <subfield code="y">BK</subfield>
    <subfield code="z">B09765</subfield>
  </datafield>
  <datafield tag="952" ind1=" " ind2=" ">
    <subfield code="0">0</subfield>
    <subfield code="1">0</subfield>
    <subfield code="4">0</subfield>
    <subfield code="7">0</subfield>
    <subfield code="8">C</subfield>
    <subfield code="a">BTIN</subfield>
    <subfield code="b">BTIN</subfield>
    <subfield code="d">2022-03-30</subfield>
    <subfield code="e">Varad Enterprises</subfield>
    <subfield code="g">250.00</subfield>
    <subfield code="i">15</subfield>
    <subfield code="l">0</subfield>
    <subfield code="o">C 004 ASH B09766</subfield>
    <subfield code="p">BTIN-BK-9766</subfield>
    <subfield code="r">2023-04-11 00:00:00</subfield>
    <subfield code="v">167.50</subfield>
    <subfield code="w">2022-03-26</subfield>
    <subfield code="y">BK</subfield>
    <subfield code="z">B09766</subfield>
  </datafield>
  <datafield tag="952" ind1=" " ind2=" ">
    <subfield code="0">0</subfield>
    <subfield code="1">0</subfield>
    <subfield code="4">0</subfield>
    <subfield code="7">0</subfield>
    <subfield code="8">C</subfield>
    <subfield code="a">BTIN</subfield>
    <subfield code="b">BTIN</subfield>
    <subfield code="d">2022-03-30</subfield>
    <subfield code="e">Varad Enterprises</subfield>
    <subfield code="g">250.00</subfield>
    <subfield code="i">15</subfield>
    <subfield code="l">0</subfield>
    <subfield code="o">C 004 ASH B09767</subfield>
    <subfield code="p">BTIN-BK-9767</subfield>
    <subfield code="r">2023-04-11 00:00:00</subfield>
    <subfield code="v">167.50</subfield>
    <subfield code="w">2022-03-26</subfield>
    <subfield code="y">BK</subfield>
    <subfield code="z">B09767</subfield>
  </datafield>
  <datafield tag="952" ind1=" " ind2=" ">
    <subfield code="0">0</subfield>
    <subfield code="1">0</subfield>
    <subfield code="4">0</subfield>
    <subfield code="7">0</subfield>
    <subfield code="8">C</subfield>
    <subfield code="a">BTIN</subfield>
    <subfield code="b">BTIN</subfield>
    <subfield code="d">2022-03-30</subfield>
    <subfield code="e">Varad Enterprises</subfield>
    <subfield code="g">250.00</subfield>
    <subfield code="i">15</subfield>
    <subfield code="l">1</subfield>
    <subfield code="o">C 004 ASH B09768</subfield>
    <subfield code="p">BTIN-BK-9768</subfield>
    <subfield code="r">2024-04-15 00:00:00</subfield>
    <subfield code="s">2024-04-12</subfield>
    <subfield code="v">167.50</subfield>
    <subfield code="w">2022-03-26</subfield>
    <subfield code="y">BK</subfield>
    <subfield code="z">B09768</subfield>
  </datafield>
  <datafield tag="952" ind1=" " ind2=" ">
    <subfield code="0">0</subfield>
    <subfield code="1">0</subfield>
    <subfield code="4">0</subfield>
    <subfield code="7">0</subfield>
    <subfield code="8">C</subfield>
    <subfield code="a">BTIN</subfield>
    <subfield code="b">BTIN</subfield>
    <subfield code="d">2022-03-30</subfield>
    <subfield code="e">Varad Enterprises</subfield>
    <subfield code="g">250.00</subfield>
    <subfield code="i">15</subfield>
    <subfield code="l">0</subfield>
    <subfield code="o">C 004 ASH B09769</subfield>
    <subfield code="p">BTIN-BK-9769</subfield>
    <subfield code="r">2023-04-11 00:00:00</subfield>
    <subfield code="v">167.50</subfield>
    <subfield code="w">2022-03-26</subfield>
    <subfield code="y">BK</subfield>
    <subfield code="z">B09769</subfield>
  </datafield>
</record>
